000 00319nam a2200121Ia 4500
008 190722s9999 xx 000 0 und d
020 _a978-81-203-2749-8
100 _aBimal K.Bose
245 0 _aModern Power Electronics and AC Drives
260 _aNew Delhi
_bPHI Learning Pvt. Ltd.
_c2014
300 _a711
942 _cBK
999 _c308
_d308